000 01130cam a2200325 a 4500
001 14994351
003 PILC
005 20150506132236.0
008 070905s2004 ohua b 001 0 eng d
010 _a 2007310534
015 _aGBA4Z9719
_2bnb
016 7 _a006942292
_2Uk
020 _a0324203047
020 _a9780324203042
035 _a(OCoLC)ocm55627973
040 _aGL5
_cGL5
_dNGU
_dOCLCQ
_dBAKER
_dVRC
_dUKM
_dYDXCP
_dDLC
042 _alccopycat
050 0 0 _aHD 59
_b.M2578 2004
082 0 0 _a659.2
100 1 _aMarconi, Joe.
245 1 0 _aPublic relations :
_bthe complete guide /
_cJoe Marconi.
260 _aMason, Ohio :
_bSouth-Western ;
_bAmerican Marketing Association,
_c2004.
300 _a386 pages :
_billustrations ;
_c24 cm.
500 _aIncludes bibliographical references and index.
650 0 _aPublic relations.
650 0 _aCorporations
_xPublic relations.
906 _a7
_bcbc
_ccopycat
_d2
_encip
_f20
_gy-gencatlg
942 _2lcc
_cBK
999 _c283860
_d283860